<?xml version="1.0" encoding="UTF-8"?>
<collection xmlns="http://www.loc.gov/MARC21/slim">
 <record>
  <leader>01742nam a2200229Ia 4500</leader>
  <controlfield tag="001">CTU_173024</controlfield>
  <controlfield tag="008">210402s9999    xx            000 0 und d</controlfield>
  <datafield tag="082" ind1=" " ind2=" ">
   <subfield code="a">631.5</subfield>
  </datafield>
  <datafield tag="082" ind1=" " ind2=" ">
   <subfield code="b">H556</subfield>
  </datafield>
  <datafield tag="088" ind1=" " ind2=" ">
   <subfield code="a">60540101</subfield>
  </datafield>
  <datafield tag="100" ind1=" " ind2=" ">
   <subfield code="a">Mông, Thị Hưng</subfield>
  </datafield>
  <datafield tag="245" ind1=" " ind2="0">
   <subfield code="a">Xác định thời điểm thu hoạch và biện pháp sau thu hoạch nhằm duy trì chất lượng chôm chôm nhãn (trồng ở chợ Lách - Bến Tre)</subfield>
  </datafield>
  <datafield tag="245" ind1=" " ind2="0">
   <subfield code="b">(Luận án Thạc sĩ Khoa học Nông Nghiệp, chuyên ngành Công nghệ thực phẩm và đồ uống)</subfield>
  </datafield>
  <datafield tag="245" ind1=" " ind2="0">
   <subfield code="c">Mông Thị Hưng</subfield>
  </datafield>
  <datafield tag="260" ind1=" " ind2=" ">
   <subfield code="a">Cần Thơ</subfield>
  </datafield>
  <datafield tag="260" ind1=" " ind2=" ">
   <subfield code="b">Trường Đại học Cần Thơ</subfield>
  </datafield>
  <datafield tag="260" ind1=" " ind2=" ">
   <subfield code="c">2012</subfield>
  </datafield>
  <datafield tag="520" ind1=" " ind2=" ">
   <subfield code="a">Với mục tiêu xây dựng bảng màu trái chôm chôm nhãn qua các giai đoạn chín và bảo quản, xác định thời điểm thu hoạch trái để có chất lượng cao và khả năng thu hoạch tốt, các biện pháp sau thu hoạch nhằm duy trì chất lượng trái sau thu hoạch, nghiên cứu được thực hiện trên cơ sở khảo sát sự thay đổi chất lượng trái ở các độ chính khác nhau, khả năng chống hoá nâu và hư hỏng trái bằng các tác chất ở các nồng độ khác nhau, ảnh hưởng nhiệt độ tồn trữ và các loại bao bì đến khả năng tồn trữ và chất lượng trái sau thu hoạch.</subfield>
  </datafield>
  <datafield tag="650" ind1=" " ind2=" ">
   <subfield code="a">Yields,Năng suất</subfield>
  </datafield>
  <datafield tag="650" ind1=" " ind2=" ">
   <subfield code="x">Crop,Mùa thu hoạch</subfield>
  </datafield>
  <datafield tag="904" ind1=" " ind2=" ">
   <subfield code="i">Hải Ý, Trong Hieu</subfield>
  </datafield>
  <datafield tag="980" ind1=" " ind2=" ">
   <subfield code="a">Trung tâm Học liệu Trường Đại học Cần Thơ</subfield>
  </datafield>
 </record>
</collection>
